00701nam a2200181 a 450000100100000000500170001000800410002702000170006804000250008511000700011024500410018026000360022130000200025704900090027795201110028695201050039799900170050200002405420200930022658.0110118s2010 dr 000 0 spa d z978994516370 aDO-SdBNPbspacBNPHU1 aRepública Dominicana.bPartido Revolucionario Dominicano94942710aDeclaración de principios del PRD. aSanto Domingo :bBúho,c2010. a39 p. ;c21 cm. aBNPD 0010718PDaPDbPDcCTd2011-01-18iLF1l0o p24054-10r2020-06-25te. 2w2020-06-25yLFPDZNo se presta 0010718PDaPDbPDcCTd2011-01-18iLF1l0o p24054-20r2020-06-25w2020-06-25yLFPDZNo se presta c23549d23549